Responses for Show #2757 - Tuesday, September 3, 1996

Bernie Cullen game 2.

Contestants

[<< previous game]

Ted Curtis, a teacher from Syracuse, New York

Deb Taub, a college professor from Lafayette, Indiana

Bernie Cullen, a biology graduate student originally from Dublin, Ireland (whose 1-day cash winnings total $14,400)

[next game >>]

Jeopardy! Round responses

ROCK & ROLL HALL OF FAME
WORLD HISTORY
FASHION
BIBLICAL FIRSTS
NOTORIOUS
CROSSWORD CLUES "A"
    $100 3
Jimi Hendrix

Bernie
    $100 11
Napoleon

Deb
    $100 1
tartans (or plaids)

Bernie
    $100 20
Noah

Bernie
    $100 16
Oswald

Bernie
    $100 12
anger

Bernie
    $200 4
Rolling Stone

Bernie
    $200 23
The Magna Carta

Deb
    $200 2
Egypt

Deb
    $200 24
to multiply

Bernie
    $200 17
(Charles) Manson

Deb
    $200 13
astro

Bernie
    $300 5
David Bowie

Bernie
    $300 28
Cortes

Ted
    $300 8
a poncho

Deb
    $300 25
Samson

Deb
    $300 19
Alcatraz

Deb
    $300 14
abracadabra

Bernie
    $400 6
I.M. Pei

Ted
    $400 29
Addis Ababa

Ted
    $400 9
swallow-tails

Bernie
    $800 26
(Deb: Who is David?)
(Alex: Oh no, who is [*], Cain & [*], right at the very beginning.)

Abel

Deb
    $400 21
(Bernie: Who is Al Capone?)
(Deb: Who is Malone?)

George "Bugsy" Moran

BernieDeb
Triple Stumper
    $400 15
afternoon

Bernie
    $500 7
Sun

Bernie
    $500 30
(Admiral) Byrd

Bernie
    $500 10
the Brooks Brothers

Ted
    $500 27
(Bernie: Who is Joseph?)

Jacob

Bernie
Triple Stumper
    $500 22
Trotsky

Ted
    $500 18
Amahl

Bernie

Scores at the first commercial break (after clue 15):

Bernie Deb Ted
$2,600 $600 $900

Scores at the end of the Jeopardy! Round:

Bernie Deb Ted
$3,100 $400 $2,100

Double Jeopardy! Round responses

PHYSICIANS
ISLANDS
GEMS
MOVIE DEBUTS
U.S. PRESIDENTS
QUOTATIONS
    $200 11
Conan Doyle

Bernie
    $200 16
Crete

Bernie
    $200 1
green

Ted
    $200 26
Bridget Fonda

Bernie
    $200 2
Cleveland

Ted
    $200 21
Mae West

Deb
    $400 12
(Roger) Bannister

Bernie
    $400 17
the Hebrides

Bernie
    $400 5
amethyst

Deb
    $400 27
The Brothers Karamazov

Bernie
    $400 3
John Adams

Ted
    $400 22
Lenin

Deb
    $600 13
Alzheimer's

Bernie
    $4,000 18
Easter Island

Bernie
    $600 6
(Ted: What is India?)

Burma

BernieTed
    $600 28
Marisa Tomei

Ted
    $600 4
Andrew Jackson

Deb
    $600 23
(Clarence) Darrow

Bernie
    $800 14
Harvey

Ted
    $800 19
(Deb: What's Sweden?)

Denmark

Deb
Triple Stumper
    $800 7
aquamarine

Deb
    $800 29
(Bernie: Who is Hunt?)

(Holly) Hunter

BernieTed
    $2,000 9
(Bernie: Uh, who is Wilson?)

Theodore Roosevelt

Bernie
    $800 24
(Juliette Gordon) Low

Deb
    $1000 15
(Edward) Jenner

Bernie
    $1000 20
the Mariana Islands

Bernie
    $1000 8
the sapphire

Bernie
    $1000 30
Marsha Mason

Deb
    $1000 10
(Franklin) Pierce

Bernie
    $1000 25
(Ted: Who is Anne Frank?)

Anais Nin

Ted
Triple Stumper

Scores at the end of the Double Jeopardy! Round:

Bernie Deb Ted
$11,900 $3,800 $3,500
(lock game)

[wagering suggestions for these scores]

Final Jeopardy! Round responses

POETS
TedWho is Whitman
$500
DebWho was Longfellow?
$3,201
BernieWho is Longfellow?
$4,299
Longfellow

Final scores:

Bernie Deb Ted
$16,199 $7,001 $3,000
2-day champion: $30,599 2nd place: a Fisher home entertainment center + an O'Sullivan home theater 3rd place: Le Roncato Ciak 101 luggage

Game dynamics:

Coryat scores:

Bernie Deb Ted
$10,500 $4,600 $3,500
29 R
(including 1 DD),
4 W
(including 1 DD)
14 R,
3 W
(including 1 DD)
11 R,
2 W

Combined Coryat: $18,600

[game clues] [game scores] [suggest correction]

Game tape date: 1996-08-06
The J! Archive is created by fans, for fans. Scraping, republication, monetization, and malicious use prohibited; this site may use cookies and collect identifying information. See terms. The Jeopardy! game show and all elements thereof, including but not limited to copyright and trademark thereto, are the property of Jeopardy Productions, Inc. and are protected under law. This website is not affiliated with, sponsored by, or operated by Jeopardy Productions, Inc. Join the discussion at JBoard.tv.